| 000 | 03439cam a22005534i 4500 | ||
|---|---|---|---|
| 003 | PE-LiUPU | ||
| 005 | 20260326100152.0 | ||
| 008 | 180522s2013 mx a rb 001 0 spa d | ||
| 020 | _a9786071708458 | ||
| 035 | _a(Sirsi) a242055 | ||
| 040 |
_aPE-LiUPU _bspa _cPE-LiUPU _erda |
||
| 049 | _aPRUA | ||
| 082 | 0 | 4 |
_a574.5078 _bF825e _220 |
| 100 | 1 |
_aFranco López, Jonathan, _eautor. |
|
| 245 | 1 | 0 |
_aEcología y conservación : _blaboratorio y campo / _cFranco López, Jonathan ; colaboradores Gustavo de la Cruz Aguero [ y otros tres]. |
| 264 | 1 |
_aMéxico : _bTrillas, _c2013. |
|
| 300 |
_a342 páginas : _bilustraciones ; _c25 centímetros |
||
| 336 |
_atext _2rdacontent |
||
| 337 |
_aunmediated _2rdamedia |
||
| 338 |
_avolume _2rdacarrier |
||
| 504 | _aBibliográfia : al final de cada capítulo. | ||
| 504 | _aÍndice: páginas 337-342. | ||
| 505 | 0 | _aMedio ambiente -- Influencia de la luz en la producción de oxígeno en Elodeasp -- Aclimatación térmica -- Estimación de límites de tolerancia a contaminantes -- Variabilidad dentro de poblaciones naturales -- Determinación del tamaño de cuadrante y número de muestras -- Distribución y estimación del tamaño de la población a partir de la densidad -- Estimación del tamaño de la población -- Marcado y recaptura III -- Crecimiento poblacional -- Población humana. Tablas de vida y mortalidad -- Crecimiento poblacional exponencial. Simulación en el frijolero -- Crecimiento poblacional logístico -- Tablas de fecundidad -- Modelo de matriz de Leslie -- Competencia -- Estudios de campo de competencia entre plantas -- Competencia intraespecífica -- Análisis de la comunidad, descripción de las características estructurales -- Análisis de la comunidad II, área mínima y método del cuadrado para comunidades vegetales -- Análisis de la comunidad III, técnicas de puntos en cuadrante y pares al azar -- Análisis de la comunidad IV, método de intercepción en línea -- Análisis de la comunidad V, asociación entre especies -- Análisis de la comunidad VI, similitud entre comunidades -- Análisis de la comunidad VII, diversidad -- Análisis de la comunidad VIII, modelos de abundancia-diversidad -- Análisis de la comunidad IX, fauna del suelo -- Análisis de la comunidad X, estudio de una comunidad acuática -- Análisis del contenido estomacal -- Sucesión de protozoarios -- Introducción a la estadística descriptiva -- El muestreo en ecología -- Métodos indirectos para la estimación de la abundancia y densidad de las poblaciones de mamíferos -- Pruebas de hipótesis estadística -- Análisis de regresión. | |
| 526 | _aSEG44 | ||
| 526 | _aSEG26 | ||
| 526 | _aP159 | ||
| 526 | _aP155 | ||
| 526 | _aP154 | ||
| 526 | _aP153 | ||
| 526 | _aP150 | ||
| 526 | _aP100 | ||
| 526 | _aP31 | ||
| 526 | _aP30 | ||
| 526 | _aP26 | ||
| 526 | _aP25 | ||
| 526 | _aP24 | ||
| 526 | _aP22 | ||
| 526 | _aP15 | ||
| 526 | _aP10 | ||
| 650 | 0 | 4 |
_aConservación de los recursos naturales. _91146 |
| 650 | 0 | 4 | _aConservation of natural resources. |
| 700 | 1 |
_aValero Pacheco, Elizabeth, _ecolaborador. |
|
| 700 | 1 |
_aAbarca Arenas, Luis Gerardo, _ecolaborador. |
|
| 700 | 1 |
_aSánchez Bedia, Carlos, _ecolaborador. |
|
| 910 | _adbm | ||
| 942 |
_2ddc _cBOOK |
||
| 980 |
_818226 _gJaime Vilcazán Jefe de Análisis Documental |
||
| 999 |
_c27565 _d27565 |
||